00354nam a2200157Ia 4500003000400000005001700004008004100021040000700062041000800069082002200077100001800099245001700117260002900134300001200163650002100175OSt20230418113756.0210423s1972 xx 000 0 und d cAL aeng a813.54 223bUPDR aUPDIKE (John) aRabbit redux bFawcett Crest bookc1972 a352bPB aAmerican Fiction